Aquatic Alphabet - M - Statistics

General Stats
  • This quiz has been taken 8 times
  • The average score is 9 of 18
Answer Stats
Hint Answer % Correct
One of the most famous ray species known for its horned cephalic fins and being one of the largest ray species in the world. They are filter feeders that eat large quantities of zooplankton. Manta Ray
100%
A female mythological and folklore creature with a human upper body and a fish tail. Mermaid
100%
The male counterpart of the mythical creature above. Merman
100%
A widely consumed fish that is a rich source of omega-3 fatty acids. They also have tiger-like stripes on the back of their body. Mackerel
83%
Also known as sea cows, these herbivorous marine mammals appear just like dugongs except that their flippers are rounded. Manatee
83%
An extinct shark believed to be one of the largest fish to have ever lived, as well as one of the most powerful predators to have ever lived. Megalodon
83%
They have an elongated, spear-like bill. Their coloring is usually blue or black on their backs, with white on their bellies. Marlin
67%
There are over 200 species of this small fish. They are also often used as bait for fishing. Minnow
67%
Although they are generally brown and gray in skin color, their skin also mixes with a layer of yellow mucus. That's why these eels sometimes appear green underwater. Moray Eel
67%
A type of bivalve mollusk that is usually known for having a black or dark purplish shell that is also rounded in an oval shape. Mussel
67%
A type of mackerel shark whose name comes from the Māori language, meaning either "shark" or "shark tooth". Mako Shark
50%
They can be distinguished by their gold coloring on their sides, blue and green coloring on their backs, and their large foreheads found in mature males. Mahi-Mahi
17%
A colorful member of the dragonet family that is widely used in aquarium trade, with a blue coloring and swirly orange stripes all over its body. Mandarinfish
17%
These amphibious fish are known for being able to move and climb outside of water. Mudskipper
17%
They are deep-sea fishes with a mostly black body to camouflage from predators, as well as large eyes and large spiny fins. Manefish
0%
These deep water sharks get their name from their very large mouths, small teeth, and broad and rounded snout. This shark is rarely seen by humans. Megamouth Shark
0%
Of the anglerfish species, this one is one of, if not the most commonly consumed by people. It is also known for its highly compressed body. Monkfish
0%
An extinct group of large aquatic reptiles from the Cretacious period. They had a snake-like body, with a large skull and a long snout. Mosasaur
0%
No matching quizzes found
Score Distribution
Percent of People with Each Score
Percentile by Number Answered
Your Score History
You have not taken this quiz